| Tag |
First Indicator |
Second Indicator |
Subfields |
| LEADER |
00000cas a2200000 4500 |
| 001 |
in00000080424 |
| 005 |
20151008052918.0 |
| 008 |
750727d19531968nyu x 0uuua0eng d |
| 010 |
|
|
|a 64036679
|
| 022 |
|
|
|a 0066-1023
|
| 035 |
|
|
|a (OCoLC)01480944
|
| 035 |
|
|
|9 AAH5421AM
|
| 040 |
|
|
|a MUL
|c MUL
|d FUL
|d YUS
|d NYG
|d TXA
|d UtOrBLW
|
| 049 |
|
|
|a TXAE
|
| 090 |
|
|
|a DS501
|b .A573
|
| 092 |
|
|
|a 959
|b qA518
|
| 110 |
2 |
|
|a American Universities Field Staff.
|
| 245 |
1 |
0 |
|a Reports service: Southeast Asia series.
|
| 246 |
3 |
0 |
|a Southeast Asia series
|
| 264 |
|
1 |
|a New York.
|b [publisher not identified] ;
|
| 300 |
|
|
|a 16 volumes :
|b illustrations, portraits, maps. ;
|c 29 cm. irregular.
|
| 336 |
|
|
|a text
|b txt
|2 rdacontent
|
| 337 |
|
|
|a unmediated
|b n
|2 rdamedia
|
| 338 |
|
|
|a volume
|b nc
|2 rdacarrier
|
| 362 |
0 |
|
|a v. 1-16, no. 9; 1953-May 1968.
|
| 515 |
|
|
|a Reports for -June 1959 issued without series title or numbering.
|
| 651 |
|
0 |
|a Southeast Asia
|x History
|x Periodicals.
|
| 785 |
0 |
0 |
|a American Universities Field Staff.
|t Southeast Asia series
|
| 999 |
|
|
|a MARS
|
| 999 |
f |
f |
|s ee6fe9ae-69c9-398c-8960-f076a34ae055
|i ea6269a9-345b-3cbc-af6c-5bbeb338b273
|t 0
|
| 952 |
f |
f |
|p ric
|a Texas A&M University
|b Rellis Campus
|c Joint Library Facility
|d Remote Storage
|t 0
|e DS501 .A573
|h Library of Congress classification
|i unmediated -- volume
|k v.4:no.1-25
|l 1956
|m A14842244395
|
| 952 |
f |
f |
|p ric
|a Texas A&M University
|b Rellis Campus
|c Joint Library Facility
|d Remote Storage
|t 0
|e DS501 .A573
|h Library of Congress classification
|i unmediated -- volume
|k v.12:no.1-14
|l 1964
|m A14842244346
|
| 952 |
f |
f |
|p ric
|a Texas A&M University
|b Rellis Campus
|c Joint Library Facility
|d Remote Storage
|t 0
|e DS501 .A573
|h Library of Congress classification
|i unmediated -- volume
|k v.10-11
|l 1962/1963
|m A14842244353
|
| 952 |
f |
f |
|p ric
|a Texas A&M University
|b Rellis Campus
|c Joint Library Facility
|d Remote Storage
|t 0
|e DS501 .A573
|h Library of Congress classification
|i unmediated -- volume
|k v.13:no.1-26
|l 1965
|m A14842244338
|
| 952 |
f |
f |
|p ric
|a Texas A&M University
|b Rellis Campus
|c Joint Library Facility
|d Remote Storage
|t 0
|e DS501 .A573
|h Library of Congress classification
|i unmediated -- volume
|k v.1-2
|l 1953/1954
|m A14842243215
|
| 952 |
f |
f |
|p ric
|a Texas A&M University
|b Rellis Campus
|c Joint Library Facility
|d Remote Storage
|t 0
|e DS501 .A573
|h Library of Congress classification
|i unmediated -- volume
|k v.7:no.1-40
|l 1959
|m A14842244379
|
| 952 |
f |
f |
|p ric
|a Texas A&M University
|b Rellis Campus
|c Joint Library Facility
|d Remote Storage
|t 0
|e DS501 .A573
|h Library of Congress classification
|i unmediated -- volume
|k v.8-9
|l 1960/1961
|m A14842244361
|
| 952 |
f |
f |
|p ric
|a Texas A&M University
|b Rellis Campus
|c Joint Library Facility
|d Remote Storage
|t 0
|e DS501 .A573
|h Library of Congress classification
|i unmediated -- volume
|k v.14:no.1-14
|l 1966
|m A14842244320
|
| 952 |
f |
f |
|p ric
|a Texas A&M University
|b Rellis Campus
|c Joint Library Facility
|d Remote Storage
|t 0
|e DS501 .A573
|h Library of Congress classification
|i unmediated -- volume
|k v.5-6
|l 1957/1958
|m A14842244387
|
| 952 |
f |
f |
|p ric
|a Texas A&M University
|b Rellis Campus
|c Joint Library Facility
|d Remote Storage
|t 0
|e DS501 .A573
|h Library of Congress classification
|i unmediated -- volume
|k v.15:no.1-13
|l 1967
|m A14842244312
|
| 952 |
f |
f |
|p ric
|a Texas A&M University
|b Rellis Campus
|c Joint Library Facility
|d Remote Storage
|t 0
|e DS501 .A573
|h Library of Congress classification
|i unmediated -- volume
|k v.3:no.1-29
|l 1955
|m A14842244403
|
| 998 |
f |
f |
|a DS501 .A573
|s v.1 (1953)-v.15 (1967)
|t 0
|l Remote Storage
|